000 00633nam a22001817a 4500
005 20120204134120.0
008 120204t xxu||||| |||| 00| 0 eng d
020 _a8176357626
_c450.00
035 _aB-220367
040 _aDPL
_bENG
100 _aMueller, Scott
_940798
245 _aUpgrading and repairing Microsoft windows /
_cby Scott Mueller and Brian Knittel
260 _aNew Delhi
_bTechmedia
_c2006
300 _avii, 705p.
_c22 cms.
700 _aKnittel, Brian
_940799
942 _2ddc
_cEN
_h004
_mMUE
999 _c61961
_d61961